| 000 | 00428nam a22001457a 4500 | ||
|---|---|---|---|
| 040 | _cNUST | ||
| 082 |
_a658.4092 _bQAI |
||
| 100 |
_aQaiser, Abbas _9123147 |
||
| 110 |
_aAmer, Qureshi _9123150 |
||
| 245 |
_aLeadership Insights: _bSuccess Strategies Form Pakistani Business Leaders |
||
| 250 | _avolume 02 | ||
| 260 |
_aLahore: _bPossibilities Publications, _c2016. |
||
| 650 |
_aLeadership Insights _9123151 |
||
| 942 |
_2ddc _cBK |
||
| 999 |
_c609439 _d609439 |
||